000 00340nam a22001457a 4500
008 250808b |||||||| |||| 00| 0 eng d
020 _a9789356968240
_c995
040 _a03
082 _a610.736 KUM
100 _aKUMARI MJ
245 _aADULT HEALTH NURSING - II
260 _aDELHI
_bJAYPEE PUB.
_c7/8/25
300 _a524
942 _c01
999 _c65897
_d65897